عفوا ايها الساتر / (Record no. 66660)
[ view plain ]
| 000 -الفاتح | |
|---|---|
| حقل البيانات ثابتة الطول | 00644nam a2200205Ia 4500 |
| 005 - وقت وتاريخ اخر تعامل مع التسجيلة | |
| رقم الضبط | 20240530110932.0 |
| 008 - عناصر البيانات ثابتة الطول - معلومات عامة | |
| حقل البيانات ثابتة الطول | 140319s1988 xx 000 0 ara d |
| 040 ## - مصدر الفهرسة | |
| وكالة الفهرسة الأصلية | GCL / |
| وكالة النسخ | GCL |
| 082 04 - رقم تصنيف ديوى العشرى | |
| رقم التصنيف | 811.082 / |
| رقم المادة | م ع |
| 100 1# - المدخل الرئيسى - إسم شخصى | |
| الإسم الشخصى | مقداد رحيم |
| 245 10 - بيان العنوان | |
| العنوان | عفوا ايها الساتر / |
| بيان المسئوليه,etc | مقداد رحيم |
| 260 ## - PUBLICATION, DISTRIBUTION, ETC. (IMPRINT) | |
| تاريخ النشر أو التوزيع | 1988 |
| 300 ## - الوصف المادى | |
| التعداد | 80 ص؛ |
| تفاصيل ماديه اخرى للوعاء | 20 سم |
| 650 04 - المدخل الاضافى بالموضوع-مصطلح موضوعى | |
| مصطلح موضوعي | الشعر العربى |
| 650 04 - المدخل الاضافى بالموضوع-مصطلح موضوعى | |
| مصطلح موضوعي | العصر الحديث |
| 650 04 - المدخل الاضافى بالموضوع-مصطلح موضوعى | |
| مصطلح موضوعي | تاريخ |
| 651 ## - المدخل الاضافى بالموضوع - اسم جغرافى | |
| الاسم الجغرافي | العراق |
| 942 ## - عناصر المدخل الإضافي( كوها) | |
| مصدر التصنيف او مخطط الترفيف | Dewey Decimal Classification |
| Koha [default] item type | كتاب |
| 260 ## - PUBLICATION, DISTRIBUTION, ETC. (IMPRINT) | |
| -- | العراق : |
| -- | دار الشئون الثقافية العامة ، |
| حالة التراجع | حالة الفقد | حالة تلف | ليس للاعارة | المكان المؤقت | الموقع الحالى | موقع الترفيف | تاريخ الاكتساب | اجمالي اﻻعارات | رقم الطلب | الباركود | تاريخ اخر مشاهدة | تاريخ تفعيل السعر | نوع وعاء كوها |
|---|---|---|---|---|---|---|---|---|---|---|---|---|---|
| مكتبة القاهرة الكبرى | مكتبة القاهرة الكبرى | ق الرئيسية_الأداب_ك عربى | 09/06/2022 | 811.082 / م ع | 168395 | 09/06/2022 | 09/06/2022 | كتاب |

